| 000 | 00703nam a2200217Ia 4500 | ||
|---|---|---|---|
| 001 | 11383 | ||
| 003 | GE_BSU | ||
| 008 | 181216s||||||||xx |||||||||||||| ||und|| | ||
| 040 | _cGE_BSU | ||
| 080 | _a54(075.8) | ||
| 100 | _aკოსტავა, ი.ი. ცაგარეიშვილი შ.მ. | ||
| 245 | _aქიმია და მინერალოგია | ||
| 245 | _cრედ: ნ. ჯაფარიძე, ი. ყიფშიძე | ||
| 260 | _aთბილისი. | ||
| 260 | _bსახელგამი. | ||
| 260 | _c1950 | ||
| 300 | _a314გვ.23სმ. | ||
| 300 | _eილ. | ||
| 653 | _aქიმია და მინერალოგია | ||
| 942 | _cBK | ||
| 999 |
_c44580 _d44580 |
||